Представление документа в формате RUSMARC

ПолеНазваниеЗначение
  Тип записи a
  Библиографический уровень a
001 Контрольный номер RU/CBS_UL/BASE/bf903a04100e4a018299870a53fea594
005 Дата корректировки 20240723174213.9
100 Данные общей обработки __
a Данные общей обработки 20240723 ||| 0rusy0189 ca
101 Язык документа 0_
a Язык текста rus
102 Страна публикации __
a Страна публикации RU
200 Заглавие и сведения об ответственности 1_
a Заглавие Природа в опасности!
e Сведения, относящиеся к заглавию [урок окружающего мира в 3 классе]
f Первые сведения об ответственности К. А. Гордеева
300 Общие примечания __
a Общие примечания 16+
461 Уровень набора _0
1 2000
a Халах Шкуле
463 Уровень физической единицы _0
1 2000
a № 3
v С. 37-39
1 2101
d 2024
1 001RU/CBS_UL/BASE/ea25dde679c248289ac2b48e6599c600
606 Тематические рубрики 0_
a Основная рубрика Методика преподавания окружающего мира
610 Ключевые слова 0_
a Ключевые слова уроки
610 Ключевые слова 0_
a Ключевые слова уроки в школе
610 Ключевые слова 0_
a Ключевые слова уроки по окружающему миру
610 Ключевые слова 0_
a Ключевые слова методика преподавания
686 Индексы других классификаций __
2 Код системы rubbk
a Классификационный индекс 74.261
700 Автор _1
a Фамилия Гордеева
b Имя (инициалы) К. А.
801 Источник записи _0
a Страна RU
b Организация МБУК ЦБС г. Ульяновска
c Дата составления 20240723
g Правила каталогизации RCR
801 Источник записи _1
a Страна RU
b Организация МБУК ЦБС г. Ульяновска
c Дата составления 20240723
g Правила каталогизации RCR
901 Тип документа __
t Тип документа b
w Контрольный № источника RU/CBS_UL/BASE/ea25dde679c248289ac2b48e6599c600
909 Создатель записи __
a Создатель записи lib17